The noble scholar, jurist, historian


 His Excellency Dr. Abdul Wahhab bin Ibrahim Abu Sulaiman, may Allah have mercy on him.


 He was born in Umm Al-Qura in the year 1356 AH.

شرح العلامة المخللاتي، المسمى، بالقول الوجيز في فواصل الكتاب العزيز على ناظمة الزهر للإمام الشاطبي / (Record no. 3842)

MARC details
000 -LEADER
fixed length control field 02123cam a22003611i 4500
003 - CONTROL NUMBER IDENTIFIER
control field SA-RiAUC
005 - DATE AND TIME OF LATEST TRANSACTION
control field 20241223140335.0
008 - FIXED-LENGTH DATA ELEMENTS--GENERAL INFORMATION
fixed length control field 241220s1992 su f b f000 0 ara c
040 ## - CATALOGING SOURCE
Original cataloging agency SA-RiKSU
Language of cataloging ara
Transcribing agency SA-RiAUC
Description conventions rda
082 04 - DEWEY DECIMAL CLASSIFICATION NUMBER
Classification number 228
Assigning agency SA-RiAUC
090 ## - LOCALLY ASSIGNED LC-TYPE CALL NUMBER (OCLC); LOCAL CALL NUMBER (RLIN)
Classification number (OCLC) (R) ; Classification number, CALL (RLIN) (NR) 228
Local cutter number (OCLC) ; Book number/undivided call number, CALL (RLIN) م خ ل
100 1# - MAIN ENTRY--PERSONAL NAME
Personal name المخللاتي، رضوان بن محمد بن سليمان،
Dates associated with a name توفي 1311 هجري
Relator term مؤلف.
245 10 - TITLE STATEMENT
Title شرح العلامة المخللاتي، المسمى، بالقول الوجيز في فواصل الكتاب العزيز على ناظمة الزهر للإمام الشاطبي /
Statement of responsibility, etc. شرح العلامة المخللاتي الشيخ رضوان بن محمد سليمان المكنى بأبي عيد المعروف بالمخلاتي ؛ [تحقيق] عبد الرزاق علي إبراهيم موسى.
246 3# - VARYING FORM OF TITLE
Title proper/short title القول الوجيز في فواصل الكتاب العزيز
250 ## - EDITION STATEMENT
Edition statement الطبعة الأولى.
264 #1 - PRODUCTION, PUBLICATION, DISTRIBUTION, MANUFACTURE, AND COPYRIGHT NOTICE
Place of production, publication, distribution, manufacture المدينة المنورة :
Name of producer, publisher, distributor, manufacturer وزارة الإعلام،
Date of production, publication, distribution, manufacture, or copyright notice 1992
264 #3 - PRODUCTION, PUBLICATION, DISTRIBUTION, MANUFACTURE, AND COPYRIGHT NOTICE
Place of production, publication, distribution, manufacture المدينة المنورة :
Name of producer, publisher, distributor, manufacturer مطابع الرشيد
300 ## - PHYSICAL DESCRIPTION
Extent 425 صفحة؛
Dimensions 24 سم.
336 ## - CONTENT TYPE
Content type term نص
Content type code txt
Source rdacontent
Materials specified كتاب
337 ## - MEDIA TYPE
Media type term بدون وسيط
Media type code n
Source rdamedia
338 ## - CARRIER TYPE
Carrier type term مجلد
Carrier type code nc
Source rdacarrier
500 ## - GENERAL NOTE
General note يشتمل على ملاحق.
504 ## - BIBLIOGRAPHY, ETC. NOTE
Bibliography, etc. note يشتمل على إرجاعات ببليوجرافية.
630 27 - SUBJECT ADDED ENTRY--UNIFORM TITLE
Uniform title القرآن
General subdivision تجويد
Source of heading or term aucut
630 27 - SUBJECT ADDED ENTRY--UNIFORM TITLE
Uniform title القرآن
General subdivision قراءات
Source of heading or term aucut
700 1# - ADDED ENTRY--PERSONAL NAME
Personal name موسى، عبد الرازق علي إبراهيم،
Dates associated with a name 1934-2008
Relator term محقق.
700 12 - ADDED ENTRY--PERSONAL NAME
Relationship information شرح لـ (عمل) :
Personal name الشاطبي، القاسم بن فيرة بن خلف،
Dates associated with a name 538-590 هجري
700 12 - ADDED ENTRY--PERSONAL NAME
Relationship information تحقيق لـ (عمل) :
Personal name المخللاتي، رضوان بن محمد بن سليمان،
Dates associated with a name توفي 1311 هجري
Title of a work القول الوجيز في فواصل الكتاب العزيز على ناظمة الزهر.
730 22 - ADDED ENTRY--UNIFORM TITLE
Uniform title القرآن
856 4# - ELECTRONIC LOCATION AND ACCESS
Uniform Resource Identifier <a href="https://www.almaktabah.com/detail.php?product_code=131898&balise_title_page=">https://www.almaktabah.com/detail.php?product_code=131898&balise_title_page=</a>
942 ## - ADDED ENTRY ELEMENTS (KOHA)
Source of classification or shelving scheme Dewey Decimal Classification
Koha item type Books
Suppress in OPAC No
949 ## - LOCAL PROCESSING INFORMATION (OCLC)
a SA-JeALM
d 241220
u mohamedma123
n 1
Holdings
Withdrawn status Lost status Source of classification or shelving scheme Damaged status Not for loan Home library Current library Date acquired Total checkouts Full call number Barcode Date last seen Price effective from Koha item type
    Dewey Decimal Classification     DR AbdElwahab Library DR AbdElwahab Library 12/23/2024   228 م خ ل 000006044 12/23/2024 12/23/2024 Books